Computational Logistics 10th International Conference, ICCL 2019, Barranquilla, Colombia, September 30 - October 2, 2019, Proceedings /

This book constitutes the proceedings of the 10th International Conference on Computational Logistics, ICCL 2019, held in Barranquilla, Colombia, in September/October 2019. The 27 papers included in this book were carefully reviewed and selected from 49 submissions. They were organized in topical se...

Full description

Bibliographic Details
Corporate Author: SpringerLink (Online service)
Other Authors: Paternina-Arboleda, Carlos (Editor, http://id.loc.gov/vocabulary/relators/edt), Voß, Stefan (Editor, http://id.loc.gov/vocabulary/relators/edt)
Format: Electronic eBook
Language:English
Published: Cham : Springer International Publishing : Imprint: Springer, 2019.
Edition:1st ed. 2019.
Series:Theoretical Computer Science and General Issues ; 11756
Subjects:
Online Access:Full Text via HEAL-Link
LEADER 06056nam a2200589 4500
001 978-3-030-31140-7
003 DE-He213
005 20191026051151.0
007 cr nn 008mamaa
008 190911s2019 gw | s |||| 0|eng d
020 |a 9783030311407  |9 978-3-030-31140-7 
024 7 |a 10.1007/978-3-030-31140-7  |2 doi 
040 |d GrThAP 
050 4 |a QA76.9.A43 
072 7 |a UMB  |2 bicssc 
072 7 |a COM051300  |2 bisacsh 
072 7 |a UMB  |2 thema 
082 0 4 |a 005.1  |2 23 
245 1 0 |a Computational Logistics  |h [electronic resource] :  |b 10th International Conference, ICCL 2019, Barranquilla, Colombia, September 30 - October 2, 2019, Proceedings /  |c edited by Carlos Paternina-Arboleda, Stefan Voß. 
250 |a 1st ed. 2019. 
264 1 |a Cham :  |b Springer International Publishing :  |b Imprint: Springer,  |c 2019. 
300 |a XV, 444 p. 152 illus., 86 illus. in color.  |b online resource. 
336 |a text  |b txt  |2 rdacontent 
337 |a computer  |b c  |2 rdamedia 
338 |a online resource  |b cr  |2 rdacarrier 
347 |a text file  |b PDF  |2 rda 
490 1 |a Theoretical Computer Science and General Issues ;  |v 11756 
505 0 |a Freight Transportation and Urban Logistics -- Developments in City Logistics - The Path between Expectations and Reality -- Using Advanced Information Systems to Improve Freight Efficiency: Results from a Pilot Program in Colombia -- Alternative Scenarios in Analyzing Florida's Freight Imbalance -- Measuring Environmental Impact of Collaborative Urban Transport Networks: A Case Study -- Math-heuristic for a Territory Design Problem -- Maritime and Port Logistics -- A Decomposed Fourier-Motzkin Elimination Framework to Derive Vessel Capacity Models -- A Note on Alternative Objectives for the Blocks Relocation Problem -- Estimating Discharge Time of Cargo Units - A Case of Ro-Ro Shipping -- Port Community System Adoption: Game Theoretic Framework For an Emerging Economy Case Study -- Caribbean Ports, Inland Logistics, and the Panama Canal Expansion: a Mode and Port Choice Analysis -- Towards a Semantic Intelligence to Support Seaport Governance in Environmental and Ecological Sustainability -- Vehicle Routing Problems -- Optimal solutions for the vehicle routing problem with split demands -- A MILP Model and a GRASP Algorithm for the Helicopter Routing Problem with Multi-trips and Time Windows -- Metaheuristics for Generalised Periodic Electric Vehicle Routing Problem -- Electric Bus Scheduling and Optimal Charging -- A Two-Pheromone Trail Ant Colony System Approach for the Heterogeneous Vehicle Routing Problem with Time Windows, Multiple Products and Product Incompatibility -- Greedy Heuristic for the Vehicle Routing Problem with Time Windows, Synchronization constraints and Heterogeneous Fleet -- Network Design and Distribution Problems -- Approaches to Improve the Distribution Aspects of Gasoline in Mexico: An Analysis of PEMEX and its Response to Closure of Pipelines as Measures against Gasoline Theft -- Developing an Effective Decomposition-Based Procedure for Solving the Quadratic Assignment Problem -- A stochastic, Multi-Commodity Multi-Period Inventory-Location Problem: Modeling and Solving an Industrial Application -- Integrated Production Lot Size and Distribution Planning with SharedWarehouses -- Optimization of the P-Hub Median Problem via Artificial Immune Systems -- Selected Topics in Decision Support Systems and ICT Tools -- IoT cargo weight tracking system for supply chain -- Developing Logistic Software Platforms: E-Market Place, a Case of Study -- A Decision Support Tool for Energy-Optimising Railway Timetables Based on Behavioural Data -- Evaluation of Bottom-up and Top-down Strategies for Aggregated Forecasts: State Space Models and ARIMA Applications -- Multi-Stage Recovery Resilience: A Case Study of The Dique Canal. 
520 |a This book constitutes the proceedings of the 10th International Conference on Computational Logistics, ICCL 2019, held in Barranquilla, Colombia, in September/October 2019. The 27 papers included in this book were carefully reviewed and selected from 49 submissions. They were organized in topical sections named: freight transportation and urban logistics; maritime and port logistics; vehicle routing problems; network design and distribution problems; and selected topics in decision support systems and ICT tools. 
650 0 |a Algorithms. 
650 0 |a Computer communication systems. 
650 0 |a Artificial intelligence. 
650 0 |a Computers. 
650 0 |a Numerical analysis. 
650 0 |a Software engineering. 
650 1 4 |a Algorithm Analysis and Problem Complexity.  |0 http://scigraph.springernature.com/things/product-market-codes/I16021 
650 2 4 |a Computer Communication Networks.  |0 http://scigraph.springernature.com/things/product-market-codes/I13022 
650 2 4 |a Artificial Intelligence.  |0 http://scigraph.springernature.com/things/product-market-codes/I21000 
650 2 4 |a Information Systems and Communication Service.  |0 http://scigraph.springernature.com/things/product-market-codes/I18008 
650 2 4 |a Numeric Computing.  |0 http://scigraph.springernature.com/things/product-market-codes/I1701X 
650 2 4 |a Software Engineering/Programming and Operating Systems.  |0 http://scigraph.springernature.com/things/product-market-codes/I14002 
700 1 |a Paternina-Arboleda, Carlos.  |e editor.  |0 (orcid)0000-0002-8860-3898  |1 https://orcid.org/0000-0002-8860-3898  |4 edt  |4 http://id.loc.gov/vocabulary/relators/edt 
700 1 |a Voß, Stefan.  |e editor.  |0 (orcid)0000-0003-1296-4221  |1 https://orcid.org/0000-0003-1296-4221  |4 edt  |4 http://id.loc.gov/vocabulary/relators/edt 
710 2 |a SpringerLink (Online service) 
773 0 |t Springer eBooks 
776 0 8 |i Printed edition:  |z 9783030311391 
776 0 8 |i Printed edition:  |z 9783030311414 
830 0 |a Theoretical Computer Science and General Issues ;  |v 11756 
856 4 0 |u https://doi.org/10.1007/978-3-030-31140-7  |z Full Text via HEAL-Link 
912 |a ZDB-2-SCS 
912 |a ZDB-2-LNC 
950 |a Computer Science (Springer-11645)